000 00348 a2200157 4500
001 179733
020 _a
040 _cMagnum
100 _aJose, Elias
240 1 0 _aOs primeiros voos do menino
_lpor
245 1 0 _aOs primeiros voos do menino
362 0 _a1899
440 1 _aDo Brasil
697 _aMAGNITO: IJ/FADAS, FANTASIA
942 _cBK
999 _c179733
_d179733